000 00821aam a2200277a 44500
008 210720s2021 cat
041 _acat
041 _bspa
110 _aTERMCAT
_960609
245 _aTerminologia de la factura elèctrica
_h[en línia]
_cTERMCAT, Centre de Terminologia
260 _aBarcelona
_bTERMCAT, Centre de Terminologia
_c2021
490 _aDiccionaris en Línia
500 _btermcat
520 _a46
592 _aObra terminològica
593 _aGQB
593 _aGR
650 _aenergia elèctrica
_963042
650 _atarifació
_968581
830 _aDiccionaris en Línia
_974364
856 _uhttps://www.termcat.cat/ca/diccionaris-en-linia/298
901 _ccop. <2021>
902 _a210720
942 _cMO
_n0
_2ddc
999 _c67928
_d67928